[Event "80th ARM-ch 1st League 2019"]
[Site "Yerevan"]
[Date "2019.08.31"]
[Round "13.6"]
[White "Shahinyan, David"]
[Black "Hayrapetyan, Hovik"]
[Result "1-0"]
[WhiteElo "2452"]
[BlackElo "2453"]
[Annotator "ChessBase"]
[PlyCount "83"]
[EventDate "2019.08.18"]
[EventType "tourn"]
[EventCountry "ARM"]
[SourceTitle "playchess.com"]
[Source "ChessBase"]
[SourceQuality "1"]
[TimeControl "40/5400+30:1800+30"]

1. e4 {[%emt 0:00:00]} c5 {[%emt 0:00:00]} 2. Nc3 {[%emt 0:00:03]} Nc6 {[%emt 0:00:00]} 3. Bb5 {[%emt 0:00:15]} e6 {[%emt 0:00:46]} 4. Bxc6 {[%emt 0:02:47]} bxc6 {[%emt 0:00:14]} 5. d3 {[%emt 0:00:53]} d5 {[%emt 0:03:09]} 6. Nf3 {[%emt 0:02:44]} Nf6 {[%emt 0:00:37]} 7. O-O {[%emt 0:00:08]} Be7 {[%emt 0:00:02]} 8. Re1 {[%emt 0:10:29]} Nd7 {[%emt 0:05:04]} 9. Qe2 {[%emt 0:01:59]} Bb7 {[%emt 0:04:16]} 10. Nd1 {[%emt 0:02:25]} Qc7 {[%emt 0:04:08]} 11. e5 {[%emt 0:04:58]} c4 {[%emt 0:06:00]} 12. dxc4 {[%emt 0:04:15]} Ba6 {[%emt 0:00:18]} 13. b3 {[%emt 0:03:05]} dxc4 {[%emt 0:01:42]} 14. Bg5 {[%emt 0:01:29]} Ba3 {[%emt 0:05:49]} 15. Qe4 {[%emt 0:03:05]} Rb8 {[%emt 0:01:00]} 16. Qg4 {[%emt 0:09:15]} h6 {[%emt 0:06:21]} 17. Bd2 {[%emt 0:04:13]} Kf8 {[%emt 0:01:41]} 18. Nc3 {[%emt 0:02:23]} Nb6 {[%emt 0:08:19]} 19. Rad1 {[%emt 0:04:33]} Be7 {[%emt 0:02:37]} 20. Ne4 {[%emt 0:01:43]} cxb3 {[%emt 0:12:15]} 21. axb3 {[%emt 0:01:46]} c5 {[%emt 0:00:21]} 22. Nd6 {[%emt 0:03:14]} Nd5 {[%emt 0:07:17]} 23. c4 {[%emt 0:02:37]} Nb4 {[%emt 0:00:22]} 24. Bxb4 {[%emt 0:08:34]} cxb4 {[%emt 0:02:24]} 25. Qf4 {[%emt 0:05:54]} Bd8 {[%emt 0:00:33]} 26. Nd4 {[%emt 0:03:09]} Kg8 {[%emt 0:01:10]} 27. Ra1 {[%emt 0:03:35]} g5 {[%emt 0:00:37]} 28. Qd2 {[%emt 0:02:42]} Rb6 {[%emt 0:02:39]} 29. N4b5 {[%emt 0:02:20]} Qd7 {[%emt 0:00:32]} 30. Nxa7 {[%emt 0:00:57]} Qxa7 {[%emt 0:03:17]} 31. Nc8 {[%emt 0:00:05]} Qc7 {[%emt 0:00:02]} 32. Nxb6 {[%emt 0:00:08]} Bb7 {[%emt 0:00:02]} 33. Na4 {[%emt 0:03:20]} Be7 {[%emt 0:00:44]} 34. Qd4 {[%emt 0:01:31]} Qc6 {[%emt 0:00:09]} 35. f3 {[%emt 0:00:06]} Kg7 {[%emt 0:00:01]} 36. Rad1 {[%emt 0:00:43]} Rd8 {[%emt 0:01:29]} 37. Qe3 {[%emt 0:01:30]} Ra8 {[%emt 0:00:05]} 38. Kh1 {[%emt 0:00:46]} g4 {[%emt 0:00:05]} 39. Rf1 {[%emt 0:01:22]} h5 {[%emt 0:05:49]} 40. Rd2 {[%emt 0:00:00]} h4 {[%emt 0:00:00]} 41. fxg4 {[%emt 0:03:19]} h3 {[%emt 0:06:20]} 42. Qxh3 {[%emt 0:00:32]} 1-0

[Event "80th ARM-ch 1st League 2019"]
[Site "Yerevan"]
[Date "2019.08.31"]
[Round "13.7"]
[White "Davtyan, Artur"]
[Black "Harutjunyan, Gevorg"]
[Result "1-0"]
[WhiteElo "2440"]
[BlackElo "2455"]
[Annotator "ChessBase"]
[PlyCount "107"]
[EventDate "2019.08.18"]
[EventType "tourn"]
[EventCountry "ARM"]
[SourceTitle "playchess.com"]
[Source "ChessBase"]
[SourceQuality "1"]
[TimeControl "40/5400+30:1800+30"]

1. d4 {[%emt 0:07:10]} Nf6 {[%emt 0:00:00]} 2. c4 {[%emt 0:00:14]} g6 {[%emt 0:00:00]} 3. Nc3 {[%emt 0:00:08]} Bg7 {[%emt 0:00:08]} 4. e4 {[%emt 0:00:04]} d6 {[%emt 0:00:08]} 5. Be2 {[%emt 0:00:04]} O-O {[%emt 0:00:09]} 6. Be3 {[%emt 0:00:02]} Na6 {[%emt 0:00:54]} 7. Nf3 {[%emt 0:00:16]} e5 {[%emt 0:01:40]} 8. O-O {[%emt 0:00:09]} c6 {[%emt 0:01:17]} 9. d5 {[%emt 0:14:11]} Ng4 {[%emt 0:02:45]} 10. Bg5 {[%emt 0:00:23]} f6 {[%emt 0:00:10]} 11. Bd2 {[%emt 0:00:13]} Nh6 {[%emt 0:03:48]} 12. Rb1 {[%emt 0:06:26]} c5 {[%emt 0:01:20]} 13. a3 {[%emt 0:03:20]} Nf7 {[%emt 0:00:24]} 14. b4 {[%emt 0:00:05]} f5 {[%emt 0:00:44]} 15. Ne1 {[%emt 0:02:14]} Bd7 {[%emt 0:07:06]} 16. Nd3 {[%emt 0:00:28]} b6 {[%emt 0:00:32]} 17. b5 {[%emt 0:12:50]} Nc7 {[%emt 0:00:19]} 18. a4 {[%emt 0:00:02]} Ne8 {[%emt 0:03:23]} 19. Ra1 {[%emt 0:03:12]} Nf6 {[%emt 0:06:36]} 20. f3 {[%emt 0:00:03]} h5 {[%emt 0:16:12]} 21. a5 {[%emt 0:00:37]} Rb8 {[%emt 0:00:10]} 22. axb6 {[%emt 0:02:12]} axb6 {[%emt 0:00:05]} 23. Ra7 {[%emt 0:00:05]} Bh6 {[%emt 0:13:08]} 24. Bxh6 {[%emt 0:01:55]} Nxh6 {[%emt 0:00:08]} 25. Qd2 {[%emt 0:00:02]} f4 {[%emt 0:01:41]} 26. Nxf4 {[%emt 0:24:31]} exf4 {[%emt 0:00:19]} 27. Qxf4 Nf7 {[%emt 0:02:44]} 28. Qg3 {[%emt 0:00:11]} Kh7 {[%emt 0:10:11]} 29. f4 {[%emt 0:01:37]} Qe7 {[%emt 0:03:13]} 30. Bd3 {[%emt 0:01:42]} Rg8 {[%emt 0:00:36]} 31. Qh4 {[%emt 0:03:14]} Rbe8 {[%emt 0:02:36]} 32. h3 {[%emt 0:06:21]} Kh6 {[%emt 0:03:44]} 33. Qf2 {[%emt 0:04:59]} Ref8 {[%emt 0:03:43]} 34. Qe3 {[%emt 0:02:01]} Kh7 {[%emt 0:02:07]} 35. Re1 {[%emt 0:05:56]} Re8 {[%emt 0:01:16]} 36. Na4 {[%emt 0:00:28]} Qd8 {[%emt 0:00:48]} 37. Qf2 {[%emt 0:00:33]} Rg7 {[%emt 0:07:52]} 38. Qb2 {[%emt 0:00:23]} h4 {[%emt 0:00:33]} 39. Qf2 {[%emt 0:00:36]} Nh5 {[%emt 0:00:15]} 40. Nxb6 {[%emt 0:00:00]} Bxb5 {[%emt 0:00:00]} 41. Na8 {[%emt 0:11:32]} Bd7 {[%emt 0:07:03]} 42. Nc7 {[%emt 0:00:08]} Re7 {[%emt 0:12:19]} 43. e5 {[%emt 0:04:49]} Qb8 {[%emt 0:13:28]} 44. Ra8 {[%emt 0:11:34]} Qb3 {[%emt 0:01:20]} 45. Be4 {[%emt 0:04:46]} Ng3 {[%emt 0:04:46]} 46. e6 {[%emt 0:00:01]} Qxc4 {[%emt 0:00:19]} 47. exd7 {[%emt 0:01:01]} Rxe4 {[%emt 0:00:29]} 48. Ne6 {[%emt 0:00:02]} Qxd5 {[%emt 0:00:30]} 49. Ng5+ {[%emt 0:00:35]} Nxg5 {[%emt 0:00:51]} 50. d8=Q {[%emt 0:00:01]} Rxe1+ {[%emt 0:00:38]} 51. Qxe1 {[%emt 0:00:06]} Qd4+ {[%emt 0:00:26]} 52. Kh2 {[%emt 0:00:01]} Nf3+ 53. gxf3 {[%emt 0:00:02]} Qb2+ {[%emt 0:01:06]} 54. Kg1 {[%emt 0:00:01]} 1-0